000 nam a22 7a 4500
999 _c127932
_d127932
008 180413b xxu||||| |||| 00| 0 eng d
050 _aBF1879.T2
_bS596
100 _aSimon, Sylvie
_941514
245 _aLe langage secret du tarot
_cSylvie Simon and Marcel Picard
260 _aParis
_bSand and Tchou
_c1982
300 _a219p. ;
_c24cm.
650 _aTargot
_941513
700 _aPicard, Marcel
_941515
942 _2lcc
_cMONOGRAPH